Statistics for Important People of the 14th Century

Click here to take the quiz!

General Stats

  • This quiz has been taken 28 times
  • The average score is 7 of 36

Answer Stats

HintAnswer% Correct
UK (King)Edward III
77%
Italy (Author)Dante Alighieri
68%
Russia (Grand Duke)Ivan I
68%
UK (Author)Geoffrey Chaucer
55%
Mali (King)Mansa Musa
55%
Morocco (Explorer)Ibn Battuta
36%
UK (King)Robert I
36%
Uzbekistan (Khan)Timur
36%
Czechia (Emperor)Charles IV
27%
UK (Rebell)Wat Tyler
27%
North Korea (King)Yi Dan
27%
Italy (Pope)Clement VII
23%
Serbia (Emperor)Stefan Dusan
18%
China (Statesman)Jiao Yu
14%
UK (Philosopher)John Wycliffe
14%
Peru (Sapa Inca)Capac Yupanqui
9%
Poland (King)Casimir III
9%
Serbia (Queen)Helen of Anjou
9%
China (Emperor)Hongwu
9%
Russia (Khan)Özbeg
9%
China (Explorer)Wang Dayuan
9%
Mexico (Tllatoani)Acamapichtli
5%
Egypt (Sultan)al Malik an Nasir
5%
Ethiopia (Emperor)Amda Seyon I
5%
Japan (Shogun)Ashikaga Takauji
5%
Italy (Author)Catherine of Siena
5%
Nigeria (King)Eze Nri Jiofo
5%
Indonesia (General)Gajah Mada
5%
Iran (Poet)Hafis
5%
Tunisia (Philosopher)Ibn Khaldun
5%
Nepal (King)Jayasthiti Malla
5%
Uganda (Kabaka)Kato Kintu
5%
India (Sultan)Muhammad bin Tughluq
5%
Thailand (King)Ramathibodi I
5%
Mexico (King)Tezozomoc
5%
Chad (Sultan)Yaji I
5%

Score Distribution

Percentile by Number Answered

Percent of People with Each Score

Your Score History

You have not taken this quiz